G7 Countries And Leaders - Statistics

General Stats
  • This quiz has been taken 36 times
  • The average score is 11 of 14
Answer Stats
Country Leader % Correct
United States
97%
France
91%
United Kingdom
91%
Germany
88%
United States Joe Biden
88%
Canada
84%
France Emmanuel Macron
84%
Italy
84%
Japan
81%
Germany Olaf Scholz
69%
Italy Giorgia Meloni
66%
Canada Justin Trudeau
66%
United Kingdom Keir Starmer
63%
Japan Fumio Kishida
22%
No matching quizzes found
Score Distribution
Percent of People with Each Score
Percentile by Number Answered
Your Score History
You have not taken this quiz